Vista normal
Vista MARC
Entrada Materia (personas)
Número de registros utilizados en: 1
001 - CONTROL NUMBER
- control field: 100345
003 - CONTROL NUMBER IDENTIFIER
- control field: Co-BoUCM
005 - DATE AND TIME OF LATEST TRANSACTION
- control field: 20200311080448.0
008 - FIXED-LENGTH DATA ELEMENTS
- fixed length control field: 200311|| aca||aabn | a|a d
040 ## - CATALOGING SOURCE
- Original cataloging agency: Co-BoUCM
- Transcribing agency: Co-BoUCM
100 ## - HEADING--PERSONAL NAME
- Personal name: Washington, Booker T.
- Dates associated with a name: 1856-1915
670 ## - SOURCE DATA FOUND
- Source citation: Work cat.: (Co-BoUCM)73792: Washington, Booker T. 1856-1915, De esclavo á catedrático, 1902